000 00428nam a2200157Ia 4500
008 151213s9999 xx 000 0 und d
100 _aPhilips Kottler
245 _aMarketing Management : Analysis Planning Implementation & Control
_cPhilips Kottler
250 _a9th
260 _aU S A
_bPrentic Hall
_c1997
300 _a2960 p.
650 _aMarketing
650 _aMarketing
700 _aPhilips Kottler
999 _c2047
_d2047